| 000 | 01199nam a22003017a 4500 | ||
|---|---|---|---|
| 003 | DO-SdBNP | ||
| 005 | 20180313112852.0 | ||
| 008 | 160511b dr 2005 00| 0 spa d | ||
| 020 | _a8482617338 (Módulo7) | ||
| 040 |
_aBPMSU _bspa _cBPMSU |
||
| 082 | 4 |
_a374.83 _bP927e 3ro. 2005 |
|
| 245 |
_aPrepara educación de adultos : _b3ro. bachillerato / _cManuel García Cartagena ... [et al.] ; dirección editorial Obdulia García de Escobar |
||
| 250 | _a2a ed. | ||
| 260 |
_aSanto Domingo : _bSecretaría de Estado de Educación : _bSantillana ; _c2005. |
||
| 300 |
_av. : _bil. ; _c28 cm. |
||
| 490 | 1 | _aSantillana adultos | |
| 500 | _aLa biblioteca posee el módulo 7 | ||
| 650 | 4 |
_aEDUCACIÓN SECUNDARIA DE ADULTOS _zREPÚBLICA DOMINICANA |
|
| 650 | 4 |
_aEDUCACIÓN SECUNDARIA DE ADULTOS _xESTUDIOS Y EJERCICIOS |
|
| 650 | 4 |
_aEDUCACIÓN SECUNDARIA DE ADULTOS _xLIBROS DE TEXTOS |
|
| 700 | 1 | 2 | _aGarcía Cartagena, Manuel |
| 700 | 1 | 2 |
_aGarcía de Escobar, Obdulia, _eed. |
| 830 | 0 | _aSantillana adultos | |
| 910 | _aValidado. Control de calidad MFF | ||
| 942 |
_2ddc _cBK |
||
| 945 | _ainventariado, 2018 / DG Remanejada para la BNPHU 2018 / BT | ||
| 956 |
_aBTAVÁREZ _b10 _cBPMSU _d20180307 _f0038 |
||
| 999 |
_c10089 _d10089 |
||